000 00564nam a2200217Ia 4500
003 OSt
005 20220927104924.0
006 a|||||r|||| 00| 0
007 ta
008 220926b |||||||| |||| 00| 0 eng d
024 _a23333
037 _cReference Collections
040 _aRTL
_cRTL
_beng
041 _2eng
_aeng
082 _a"Xz7, K4-;1,K4"
100 _aSingh V B Ed.
_9368433
245 0 _aOn political economy
300 _a"vi,143p"
_ccm.
942 _h"Xz7, K4-;1,K4"
_cCC
999 _c689431
_d689431